00507nam a2200181 a 4500001001300000003000900013005001700022008004100039020002300080082002000103100002500123245003700148260004100185300000900226500003500235650003000270700002500300nice12345678IN_TiNIC20260116015042.0101221s2006 dela grp 000 0 eng  a8171013392 c10000a297.122521bALI aAbdullah Yusuf Ali,  aMeaning of the Illustrious Quran aDelhibIdara Ishaat-E-diniyat c2006 a626p aincludes index and biblioraphy aQuran-Translation-English1 aAbdullah Yusuf Ali,